000 01125cam a2200241 4500
001 L136964
008 070307s2005 xxk f 000 0 eng d
020 _a1843182777
022 1 _a1477-1144
035 _a(Sirsi) u136964
041 0 _aeng
050 0 4 _a650.14 $2 18
245 0 0 _aTarget
_bquantity surveying and commercial management 2006
250 _a18th ed.
260 _aWallingford
_bGTI Specialist Publishers
_c2005
300 _a78p.
_bill.
_c27cm.
520 _aProvides advice for graduates seeking jobs in quantity surveying and building surveying. Includes information on different sectors of the industry, as well as guidance on career development and a job hunting guide. Also sets out profiles of employers and course providers. Further information and a searchable database of employers can be found at www.targetcareers.co.uk/surveying.
651 4 _aUnited Kingdom
_y
690 _aCAREERS, EDUCATION AND TRAINING-CAREERS IN SURVEYING
700 1 _aBarratt, Katie
_eEditor
856 4 8 _uhttps://www.targetcareers.co.uk/surveying
_zView the targetcareers.co.uk surveying website...
942 _n0
999 _c106563
_d106563